Представление документа в формате MARC21

Поле Инд. ПП Название Значение
Тип записи a
Библиографический уровень m
001 Контрольный номер 717a156befd74b9b9cc180a980d689af
005 Дата корректировки 20260619110455.9
040 a Служба первич. каталог. 10013504
b Код языка каталог. rus
e Правила каталог. PSBO
041 0_ a Код языка текста rus
080 a Индекс УДК 629.7.048
090 a Полочн. индекс А13
x Авторский знак О-542
r Идентификатор организации 10013504
100 1_ a Автор Олизаров В.В.
245 10 a Заглавие Лекции по системам спасения и защиты экипажей летательных аппаратов (скафандры)
260 a Место издания б.м.
b Издательство ВВИА им. Н.Е. Жуковского
c Дата издания 1964
300 a Объем 72 с.
b Иллюстрации/ тип воспроизводства ил.
650 04 a Основная рубрика Скафандры
653 0_ a Ключевые слова СКАФАНДРЫ
901 t Тип документа m
952 a Тип литературы для КСУ ВШ БУмР
c Вид литературы учебно-методическое издание